Statistics for Southeast Asian Geography A-Z

Click here to take the quiz!

General Stats

  • This quiz has been taken 485 times
  • The average score is 17 of 25

Answer Stats

HintAnswer% Correct
FPerson from the PhilippinesFilipino
95%
JMost populous islandJava
94%
OGreat ape of BorneoOrangutan
93%
SThe only true city-state in the worldSingapore
93%
KName for the Cambodian languageKhmer
91%
BOfficial language of MyanmarBurmese
89%
ENational animal of LaosElephant
88%
IPeninsula on which Cambodia liesIndochina
86%
HNational capital on the Red RiverHanoi
85%
VCapital of LaosVientiane
85%
DCapital of East TimorDili
84%
LLargest island of the PhilippinesLuzon
81%
NMost common surname in VietnamNguyen
79%
PKuala Lumpur towers; The world's
tallest buildings from 1998-2004
Petronas
Towers
76%
TOne of above's official languagesTamil
74%
QMost populous city in Metro ManilaQuezon City
69%
ASea bordered by Myanmar
and Thailand
Andaman
50%
MBiggest inland city of MyanmarMandalay
47%
UProvince in northern Thailand
hint: also a type of thick noodle
{Udon} Thani
47%
CLargest city in Northern ThailandChiang Mai
43%
ROppressed Muslims of MyanmarRohingya
42%
YIndonesian city ruled by a monarchYogyakarta
24%
WLargest Indonesian provinceWest Papua
20%
GBird-like creature that is the
national symbol of Thailand
Garuda
15%
ZMajor city in eastern MindanaoZamboanga
15%

Score Distribution

Percentile by Number Answered

Percent of People with Each Score

Your Score History

You have not taken this quiz